000 00575nam a2200205Ia 4500
005 20260629170335.0
008 260629s9999||||xx |||||||||||||| ||und||
020 _a9780140154733
_qpbk
082 _a915.4
_bAIT
100 _aAitken, Bill
245 0 _aSeven sacred rivers
260 _aGurgaon
_bPenguin Books India
_c1992
300 _a196p. ; 20cm.
653 _aHindu sacred places
653 _aIndia—Description and travel
653 _aPilgrims and pilgrimages—India
653 _aRivers—India
653 _aSpiritual life—Hinduism
942 _cBK
_2ddc
999 _c57329
_d57329